000 00611cam a22002173a 4500
001 46051
003 PGUSA
005 20140828084058.0
008 140620s2014||||xxu|||||s|||||000 | eng d
040 _aPGUSA
_beng
042 _adc
100 1 _aQuiroga, Horacio,
_d1878-1937
245 1 0 _aSouth American Jungle Tales
_h[electronic resource] /
_cHoracio Quiroga
260 _bProject Gutenberg,
_c2014
506 _aPublic domain in the USA.
516 _aElectronic text
700 1 _aRipley, A. L.
830 0 _aProject Gutenberg
_v46051
856 4 0 _uhttp://www.gutenberg.org/ebooks/46051
942 _cEB
999 _c275300
_d275300